000 01039 a2200253 4500
010 _aENG-89052
020 _a8124603502
_c550.00
035 1 4 _aEN-72585
037 1 _bDBAD / PUB
082 _a181.45
090 _c10100
_d10100
111 _aInternational Congress of Vedanta
_cVisakhapatnam, India
_d2005
_n15th
245 _aStudies in Vedanta:essays in honour of Professor S.S. Rama Rao Pappu: proceedings of the fifteenth International Congress of Vedanta held at Andhra University, Visakhapatnam during 3-6 January 2005/
_cedited by P. George Victor [and] V.V.S. Saibaba
260 _aNew Delhi
_bD.K. Printworld
_c2006
270 _mdkprintworld@vsnl.net
300 _axxi, 330p.
_c23 cm ( Hb)
490 _aAndhra University philosophical studies; no.5)
500 _aIncludes index
650 _aVendanta-Congresses
700 _aVictor, P. George
700 _aSaibaba, V.V.S.
942 _adpl
_cEN
_k181.45/ INT
999 _c9888
_d9888